التعالم ومظاهره في ضوء السنة النبوية درسة موضوعية معاصرة /
Saved in:
| 主要作者: | |
|---|---|
| 格式: | 未知 |
| 語言: | Arabic |
| 出版: |
Kuala Lumpur :
Jami'ah Malaya,
2015
|
| 主題: | |
| 標簽: |
添加標簽
沒有標簽, 成為第一個標記此記錄!
|
| LEADER | 017070000a22003490004500 | ||
|---|---|---|---|
| 008 | 220322s2015 my g 000 0 ara d | ||
| 040 | |a UIAM |b eng |e rda | ||
| 041 | |a ara | ||
| 084 | |a BPB74.3 | ||
| 100 | 1 | |a خديجة فاطمة بنت سيد ممتاز الدين | |
| 242 | 1 | 3 | |a al-Ta'alum mazahiruhu fi daw' al-Sunnah al-Nabawiyah dirasat mawdu'iyah mu'asirah |
| 245 | 1 | 2 | |a التعالم ومظاهره في ضوء السنة النبوية درسة موضوعية معاصرة / |c خديجة فاطمة |
| 246 | 1 | |a Title on page [4] of cover : al-Ta'alum : |b and it's manifestations in the light of al-Sunnah al-Nabawiyah | |
| 264 | 1 | |a Kuala Lumpur : |b Jami'ah Malaya, |c 2015 | |
| 300 | |a xiii, 263 leaves ; |c 30 cm. | ||
| 336 | |2 rdacontent |a text | ||
| 337 | |2 rdamedia |a unmediated | ||
| 338 | |2 rdacarrier |a volume | ||
| 504 | |a Includes bibliographical references (leaves 245-264). | ||
| 596 | |a 1 | ||
| 650 | 0 | |a Knowledge, Theory of (Islam) | |
| 650 | 0 | |a Learning |x Religious aspects Islam | |
| 691 | |a Knowledge, Theory of (Islam) |x Teachings in the Sunnah | ||
| 691 | |a Knowledge, Theory of (Islam) |x Virtues (Worth) | ||
| 691 | |a Learning and scholarship, Islamic | ||
| 691 | |a 'Ulama' |x Virtues (Worth) | ||
| 700 | 0 | |a Khadeja Fatima binti Syed Mumtazuddin, |e author | |
| 710 | 2 | |a جامعة ملايا : |b أكاديمية الدراسات الإسلامية. قسم القرآن والحدي | |
| 710 | 2 | |a Jami'at Malaya : |b Akadamiyah al-Dirasat al-Islamiyah. Qism al-Qur'an wa-al-Hadith | |
| 900 | |a prelim-mbs to nzj | ||
| 999 | |c 436030 |d 468718 | ||
| 952 | |0 0 |6 BPB000074.3 K43 2015 |7 4 |9 760645 |a IIUM |b IIUM |g 0.00 |o BPB74.3 K43 2015 |p 11100342927 |r 2018-05-02 |t 1 |v 0.00 |y THESIS | ||
